<?xml version="1.0" encoding="UTF-8"?>
<record
    xmlns:xsi="http://www.w3.org/2001/XMLSchema-instance"
    xsi:schemaLocation="http://www.loc.gov/MARC21/slim http://www.loc.gov/standards/marcxml/schema/MARC21slim.xsd"
    xmlns="http://www.loc.gov/MARC21/slim">

  <leader>01664nam a22002777a 4500</leader>
  <controlfield tag="001">1340</controlfield>
  <controlfield tag="005">20240627112822.0</controlfield>
  <datafield tag="020" ind1=" " ind2=" ">
    <subfield code="a">9789995054410</subfield>
  </datafield>
  <datafield tag="040" ind1=" " ind2=" ">
    <subfield code="a">FISKH  </subfield>
    <subfield code="b">eng</subfield>
    <subfield code="c">FISKH  </subfield>
    <subfield code="d">FISKH  </subfield>
  </datafield>
  <datafield tag="082" ind1=" " ind2=" ">
    <subfield code="a">398.209595</subfield>
  </datafield>
  <datafield tag="100" ind1=" " ind2=" ">
    <subfield code="a">Sontipheap, Lim </subfield>
  </datafield>
  <datafield tag="245" ind1=" " ind2=" ">
    <subfield code="a">&#x1791;&#x17C1;&#x1796;&#x17A2;&#x1794;&#x17D2;&#x179F;&#x179A;&#x178F;&#x17BC;&#x1785; / </subfield>
    <subfield code="c">&#x1793;&#x17B7;&#x1796;&#x1793;&#x17D2;&#x1792;&#x178A;&#x17C4;&#x1799; &#x179B;&#x17B9;&#x1798; &#x179F;&#x1793;&#x17D2;&#x178F;&#x17B7;&#x1797;&#x17B6;&#x1796; - &#x1782;&#x17BC;&#x179A;&#x179A;&#x17BC;&#x1794;&#x178A;&#x17C4;&#x1799; &#x1789;&#x17B9;&#x1780; &#x179F;&#x17BB;&#x1795;&#x17B6;&#x179B;&#x17B6;&#x1797; </subfield>
  </datafield>
  <datafield tag="250" ind1=" " ind2=" ">
    <subfield code="a">&#x1794;&#x17C4;&#x17C7;&#x1796;&#x17BB;&#x1798;&#x17D2;&#x1796;&#x179B;&#x17BE;&#x1780;&#x1791;&#x17B8; &#x17E1;&#x17E0; &#x1781;&#x17C2;&#x1780;&#x1789;&#x17D2;&#x1789;&#x17B6; &#x1786;&#x17D2;&#x1793;&#x17B6;&#x17C6; &#x17E2;&#x17E0;&#x17E2;&#x17E1;   </subfield>
  </datafield>
  <datafield tag="260" ind1=" " ind2=" ">
    <subfield code="a">Phnom Penh :</subfield>
    <subfield code="b">Sipar,</subfield>
    <subfield code="c">2021. </subfield>
  </datafield>
  <datafield tag="300" ind1=" " ind2=" ">
    <subfield code="a">28 pages :  </subfield>
    <subfield code="b">color illustrations ;</subfield>
    <subfield code="c">24 cm </subfield>
  </datafield>
  <datafield tag="490" ind1=" " ind2=" ">
    <subfield code="a">&#x1781;&#x17D2;&#x1789;&#x17BB;&#x17C6;&#x1785;&#x1784;&#x17CB;&#x17A2;&#x17B6;&#x1793; </subfield>
  </datafield>
  <datafield tag="505" ind1=" " ind2=" ">
    <subfield code="a">P
</subfield>
  </datafield>
  <datafield tag="520" ind1=" " ind2=" ">
    <subfield code="a">&#x1780;&#x179A;&#x17BB;&#x178E;&#x17B6;&#x1787;&#x17B6;&#x1791;&#x17C1;&#x1796;&#x17A2;&#x1794;&#x17D2;&#x179F;&#x179A;&#x178F;&#x17BC;&#x1785; &#x178A;&#x17C2;&#x179B;&#x1794;&#x17B6;&#x1793;&#x1787;&#x17BD;&#x1799;&#x1787;&#x17B7;&#x179C;&#x17B7;&#x178F;&#x1798;&#x1793;&#x17BB;&#x179F;&#x17D2;&#x179F;&#x179B;&#x17C4;&#x1780;&#x17D4; &#x179C;&#x17B6;&#x1781;&#x17BB;&#x179F;&#x1793;&#x17B9;&#x1784;&#x1785;&#x17D2;&#x1794;&#x17B6;&#x1794;&#x17CB;&#x1791;&#x17C1;&#x179C;&#x178F;&#x17B6;&#x178A;&#x17C2;&#x179B;&#x1785;&#x17C2;&#x1784;&#x1790;&#x17B6;&#x200B;&#x200B;&#x200B; &#xAB;&#x1791;&#x17C1;&#x179C;&#x178F;&#x17B6; &#x1782;&#x17D2;&#x1798;&#x17B6;&#x1793;&#x179F;&#x17B7;&#x1791;&#x17D2;&#x1792;&#x179B;&#x17BC;&#x1780;&#x178A;&#x17C3;&#x1780;&#x17D2;&#x1793;&#x17BB;&#x1784;&#x179A;&#x17BF;&#x1784;&#x1798;&#x1793;&#x17BB;&#x179F;&#x17D2;&#x179F;&#x179B;&#x17C4;&#x1780;&#xBB;&#x17D4; &#x1780;&#x17D2;&#x179A;&#x17C4;&#x1799;&#x1798;&#x1780;&#x1793;&#x17B6;&#x1784;&#x1798;&#x17B7;&#x1793;&#x178F;&#x17D2;&#x179A;&#x17BC;&#x179C;&#x1794;&#x17B6;&#x1793;&#x178A;&#x17B6;&#x1780;&#x17CB;&#x1791;&#x17C4;&#x179F;&#x1793;&#x17C4;&#x17C7;&#x1791;&#x17C1;&#x17D4; </subfield>
  </datafield>
  <datafield tag="520" ind1=" " ind2=" ">
    <subfield code="a">Karuna is a little fairy who saves human life. It is against the law of angels, which states, "Angels have no right to interfere in human affairs." Later on, she was not convicted.</subfield>
  </datafield>
  <datafield tag="521" ind1=" " ind2=" ">
    <subfield code="a">650

</subfield>
    <subfield code="b">Lexile estimate
</subfield>
  </datafield>
  <datafield tag="521" ind1=" " ind2=" ">
    <subfield code="a">P   
</subfield>
    <subfield code="b">Raz-Plus 
</subfield>
  </datafield>
  <datafield tag="650" ind1=" " ind2=" ">
    <subfield code="a">&#x1791;&#x17C1;&#x1796;&#x17A2;&#x1794;&#x17D2;&#x179F;&#x179A; </subfield>
    <subfield code="v">&#x1787;&#x17BD;&#x1799;&#x179F;&#x1784;&#x17D2;&#x1782;&#x17D2;&#x179A;&#x17C4;&#x17C7; </subfield>
    <subfield code="x">&#x178A;&#x17B6;&#x1780;&#x17CB;&#x1791;&#x17C4;&#x179F; </subfield>
  </datafield>
  <datafield tag="650" ind1=" " ind2=" ">
    <subfield code="a">Angel </subfield>
    <subfield code="v">Help </subfield>
    <subfield code="x">Convicted </subfield>
  </datafield>
  <datafield tag="700" ind1=" " ind2=" ">
    <subfield code="a">Sophealeap, Nhoek </subfield>
    <subfield code="c">illustrator </subfield>
  </datafield>
  <datafield tag="942" ind1=" " ind2=" ">
    <subfield code="2">ddc</subfield>
    <subfield code="c">BK</subfield>
    <subfield code="n">0</subfield>
  </datafield>
  <datafield tag="999" ind1=" " ind2=" ">
    <subfield code="c">1340</subfield>
    <subfield code="d">1340</subfield>
  </datafield>
  <datafield tag="952" ind1=" " ind2=" ">
    <subfield code="0">0</subfield>
    <subfield code="1">0</subfield>
    <subfield code="2">ddc</subfield>
    <subfield code="4">0</subfield>
    <subfield code="7">0</subfield>
    <subfield code="8">KH</subfield>
    <subfield code="a">001</subfield>
    <subfield code="b">001</subfield>
    <subfield code="c">KHRS</subfield>
    <subfield code="d">2023-08-18</subfield>
    <subfield code="l">0</subfield>
    <subfield code="o">SON 398.209595</subfield>
    <subfield code="p">2023-0288</subfield>
    <subfield code="r">2023-08-18 09:15:51</subfield>
    <subfield code="t">1</subfield>
    <subfield code="w">2023-08-18</subfield>
    <subfield code="y">KHB</subfield>
  </datafield>
  <datafield tag="952" ind1=" " ind2=" ">
    <subfield code="0">0</subfield>
    <subfield code="1">0</subfield>
    <subfield code="2">ddc</subfield>
    <subfield code="4">0</subfield>
    <subfield code="7">0</subfield>
    <subfield code="8">KH</subfield>
    <subfield code="a">001</subfield>
    <subfield code="b">001</subfield>
    <subfield code="c">KHRS</subfield>
    <subfield code="d">2023-08-18</subfield>
    <subfield code="l">1</subfield>
    <subfield code="o">SON 398.209595</subfield>
    <subfield code="p">2023-0289</subfield>
    <subfield code="r">2025-11-21 14:03:11</subfield>
    <subfield code="s">2025-10-28</subfield>
    <subfield code="t">2</subfield>
    <subfield code="w">2023-08-18</subfield>
    <subfield code="y">KHB</subfield>
  </datafield>
  <datafield tag="952" ind1=" " ind2=" ">
    <subfield code="0">0</subfield>
    <subfield code="1">0</subfield>
    <subfield code="2">ddc</subfield>
    <subfield code="4">0</subfield>
    <subfield code="7">0</subfield>
    <subfield code="8">KH</subfield>
    <subfield code="a">001</subfield>
    <subfield code="b">001</subfield>
    <subfield code="c">OKHR</subfield>
    <subfield code="d">2024-06-27</subfield>
    <subfield code="l">3</subfield>
    <subfield code="o">SON 398.209595</subfield>
    <subfield code="p">FISTKG4A065</subfield>
    <subfield code="r">2025-08-29 14:40:20</subfield>
    <subfield code="s">2025-08-07</subfield>
    <subfield code="t">3</subfield>
    <subfield code="w">2024-06-27</subfield>
    <subfield code="y">KHB</subfield>
  </datafield>
  <datafield tag="952" ind1=" " ind2=" ">
    <subfield code="0">0</subfield>
    <subfield code="1">0</subfield>
    <subfield code="2">ddc</subfield>
    <subfield code="4">0</subfield>
    <subfield code="7">0</subfield>
    <subfield code="8">KH</subfield>
    <subfield code="a">001</subfield>
    <subfield code="b">001</subfield>
    <subfield code="c">OKHR</subfield>
    <subfield code="d">2025-08-22</subfield>
    <subfield code="l">1</subfield>
    <subfield code="o">SON 398.209595</subfield>
    <subfield code="p">FISTKG2A007</subfield>
    <subfield code="r">2026-03-20 08:07:17</subfield>
    <subfield code="s">2026-03-11</subfield>
    <subfield code="t">4</subfield>
    <subfield code="w">2025-08-22</subfield>
    <subfield code="y">KHB</subfield>
  </datafield>
  <datafield tag="952" ind1=" " ind2=" ">
    <subfield code="0">0</subfield>
    <subfield code="1">0</subfield>
    <subfield code="2">ddc</subfield>
    <subfield code="4">0</subfield>
    <subfield code="7">0</subfield>
    <subfield code="8">KH</subfield>
    <subfield code="a">002</subfield>
    <subfield code="b">002</subfield>
    <subfield code="c">TTP Khmer</subfield>
    <subfield code="d">2025-09-16</subfield>
    <subfield code="l">0</subfield>
    <subfield code="o">SON 398.209595</subfield>
    <subfield code="p">FIS04784</subfield>
    <subfield code="r">2025-09-16 11:12:08</subfield>
    <subfield code="t">5</subfield>
    <subfield code="w">2025-09-16</subfield>
    <subfield code="y">KHB</subfield>
  </datafield>
  <datafield tag="952" ind1=" " ind2=" ">
    <subfield code="0">0</subfield>
    <subfield code="1">0</subfield>
    <subfield code="2">ddc</subfield>
    <subfield code="4">0</subfield>
    <subfield code="7">0</subfield>
    <subfield code="8">KH</subfield>
    <subfield code="a">002</subfield>
    <subfield code="b">002</subfield>
    <subfield code="c">TTP Khmer</subfield>
    <subfield code="d">2025-11-11</subfield>
    <subfield code="l">1</subfield>
    <subfield code="o">SON 398.209595</subfield>
    <subfield code="p">FISBK03814</subfield>
    <subfield code="q">2026-05-14</subfield>
    <subfield code="r">2026-04-30 09:38:46</subfield>
    <subfield code="s">2026-04-30</subfield>
    <subfield code="t">6</subfield>
    <subfield code="w">2025-11-11</subfield>
    <subfield code="y">KHB</subfield>
  </datafield>
  <datafield tag="952" ind1=" " ind2=" ">
    <subfield code="0">0</subfield>
    <subfield code="1">0</subfield>
    <subfield code="2">ddc</subfield>
    <subfield code="4">0</subfield>
    <subfield code="7">0</subfield>
    <subfield code="8">KH</subfield>
    <subfield code="a">002</subfield>
    <subfield code="b">002</subfield>
    <subfield code="c">TTP Khmer</subfield>
    <subfield code="d">2025-11-11</subfield>
    <subfield code="l">0</subfield>
    <subfield code="o">SON 398.209595</subfield>
    <subfield code="p">FISBK03817</subfield>
    <subfield code="r">2025-11-11 14:08:16</subfield>
    <subfield code="t">7</subfield>
    <subfield code="w">2025-11-11</subfield>
    <subfield code="y">KHB</subfield>
  </datafield>
  <datafield tag="952" ind1=" " ind2=" ">
    <subfield code="0">0</subfield>
    <subfield code="1">0</subfield>
    <subfield code="2">ddc</subfield>
    <subfield code="4">0</subfield>
    <subfield code="7">0</subfield>
    <subfield code="8">KH</subfield>
    <subfield code="a">002</subfield>
    <subfield code="b">002</subfield>
    <subfield code="c">TTP Khmer</subfield>
    <subfield code="d">2025-12-05</subfield>
    <subfield code="l">0</subfield>
    <subfield code="o">SON 398.209595</subfield>
    <subfield code="p">2025-5045</subfield>
    <subfield code="r">2025-12-05 14:20:13</subfield>
    <subfield code="t">8</subfield>
    <subfield code="w">2025-12-05</subfield>
    <subfield code="y">KHB</subfield>
  </datafield>
</record>
